000 00923nam a22002537a 4500
005 20170124103048.0
010 _aB-063937
020 _c40.00
035 _aB-063937
037 _bCen Lib/Ret
040 _aDPL
_bHN
082 _a
_bमधोक
100 _aमधिक, बलराज
_969646
245 _aजीत या हार /
_cबलराज मधिक
246 _aJeet ya haar /
_bby Balraj Madhok
260 _aनयी दिल्ली
_bहिन्दी साहित्य सदन
_c1956
270 _bनयी दिल्ली
_a30/90, पी- कनाट सर्कस
_e110001
300 _a216पृ.
_c17सेमी (सजिल्द)
650 _aहिन्दी साहित्य
_969647
650 _aउपन्यास
_969648
650 _aHindi literature
_969649
650 _aFiction
_98901
942 _2ddc
_cHN
_h
_mमधोक
999 _c117027
_d117027